<?xml version="1.0" encoding="UTF-8"?>
<marc:record xmlns:marc="http://www.loc.gov/MARC21/slim">
   <marc:leader>00000nam a2200000 a 4500</marc:leader>
   <marc:datafield ind1="1" ind2=" " tag="100">
      <marc:subfield code="a">Hilbert, Jörg</marc:subfield>
      <marc:subfield code="4">aut</marc:subfield>
      <marc:subfield code="e">Verfasser/-in</marc:subfield>
   </marc:datafield>
   <marc:datafield ind1="1" ind2=" " tag="100">
      <marc:subfield code="a">Janosa, Felix</marc:subfield>
      <marc:subfield code="4">aut</marc:subfield>
      <marc:subfield code="e">Verfasser/-in</marc:subfield>
   </marc:datafield>
   <marc:datafield ind1=" " ind2=" " tag="653">
      <marc:subfield code="a">Ritter</marc:subfield>
   </marc:datafield>
   <marc:datafield ind1=" " ind2=" " tag="653">
      <marc:subfield code="a">Musical</marc:subfield>
   </marc:datafield>
   <marc:datafield ind1="0" ind2="0" tag="245">
      <marc:subfield code="a">Ritter Rost und die Räuber</marc:subfield>
   </marc:datafield>
   <marc:datafield ind1="0" ind2="0" tag="245">
      <marc:subfield code="b">Musical für Kinder</marc:subfield>
   </marc:datafield>
   <marc:datafield ind1="0" ind2="0" tag="245">
      <marc:subfield code="c">Hilbert, Jörg</marc:subfield>
   </marc:datafield>
   <marc:datafield ind1=" " ind2="1" tag="264">
      <marc:subfield code="a">Hamburg</marc:subfield>
      <marc:subfield code="b">Terzio, Carlsen Verlag</marc:subfield>
      <marc:subfield code="c">2012</marc:subfield>
   </marc:datafield>
   <marc:datafield ind1="1" ind2=" " tag="490">
      <marc:subfield code="a">Ritter Rost</marc:subfield>
      <marc:subfield code="v">15</marc:subfield>
   </marc:datafield>
   <marc:datafield ind1="1" ind2=" " tag="520">
      <marc:subfield code="a">Schon merkwürdig: Koks` Sparschwein ist verschwunden und die Schatztruhe ist auch leer. Und was wollen eigentlich die Räuber auf der Eisernen Burg des Ritter Rost? Nur gut, dass Käpt`n Koks vom andern Stern seine erste obersahne fabelfantastische Wasserspritze mit der eingebauten Detektivlupe zur Hand hat. Damit kommt er nämlich einer unglaublichen Gaunerei auf die Schliche ...Angaben aus der Verlagsmeldung &#xD;
&#xD;
 &#xD;
&#xD;
  Ritter Rost, Band 15: Ritter Rost auf Schatzsuche : Buch mit CD / von Jörg Hilbert &#xD;
&#xD;
 &#xD;
Was ist das größte Glück der Welt? Sind es Naschsachen? Ist es Ordnung? Oder ist es etwa doch die stinkende Sandale des Julius Cäsar? Für den Ritter Rost ist es Reichtum. Deshalb begibt er sich zusammen mit Koks dem Drachen und dem Burgfräulein Bö auf eine Schatzsuche, die ihn schon bald in ein Wunderland voller Seejungfrauen, Nussknacker und von Heuschnupfen geplagte Hummeln führt. Wird er seinen Schatz finden? Und falls ja  wir dieser Schatz das sein, was er sich erträumt?&#xD;
&#xD;
Für den 15. Ritter Rost Band gibt sich Liedermacher-Legende Reinhard Mey die Ehre und singt in einer Gastrolle mit. Mey: "Mein Enkel ist ein erklärter Freund von Ritter Rost, da ist es einfach eine Ehrensache dabei zu sein!&#xD;
&#xD;
Kinder-Musicals selbst aufführen? Vielfältige Aufführungsmaterialien für Schulen und Kindergärten unter www.musicals-on-stage.de</marc:subfield>
   </marc:datafield>
   <marc:datafield ind1=" " ind2=" " tag="020">
      <marc:subfield code="a">9783551270559</marc:subfield>
      <marc:subfield code="9">9783551270559</marc:subfield>
   </marc:datafield>
   <marc:datafield ind1=" " ind2=" " tag="020">
      <marc:subfield code="a">3551270554</marc:subfield>
      <marc:subfield code="9">3551270554</marc:subfield>
   </marc:datafield>
   <marc:datafield ind1=" " ind2=" " tag="041">
      <marc:subfield code="a">ger</marc:subfield>
   </marc:datafield>
   <marc:datafield ind1=" " ind2=" " tag="338">
      <marc:subfield code="a">Band</marc:subfield>
   </marc:datafield>
</marc:record>
